000 01844nam a22002535i 4500
001 156882
003 ES-MaACL
005 20250811041356.0
008 940202m18871890sp a |||| | spa d
080 _a94(460)
100 1 _aLafuente, Modesto,
_d1806-1866
_969535
245 1 0 _aHistoria general de España desde los tiempos primitivos hasta la muerte de Fernando VII /
_cpor Modesto Lafuente ; continuada desde dicha época hasta nuestros dias por Don Juan Valera ; con la colaboración de D. Andrés Borrego y D. Antonio Pirala.
260 _aBarcelona :
_bMontaner y Simón,
_c1887-1890.
300 _a25 v. :
_bil. col. y n., mapas ;
_c24 cm.
530 _aDisponible en formato digital.
597 _aI. CXIX, 259 p., [7] h. de lám - II. 402 p., [5] h. de lám. - III. 396 p., [5] h. de lám. - IV. 395 p., [6] h. de lám. - V. 369 p., [6] h. de lám. - VI. 387 p., [5] h. de lám. - VII. 385 p., [8] h. de lám. - VIII. 386 p., [6] h. de lám. - IX. 395 p., [4] h. de lám. - X. 385 p., [4] h. de lám. - XI. 387 p., [4] h. de lám. - XII. 396 p., [6] h. de lám. - XIII. 396 p., [3] h. de lám. - XIV. 395 p., [3] h. de lám. - XV. 410 p., [3] h. de lám. - XVI. 450 p., [3] h. de lám. - XVII. 475 p., [3] h. de lám. - XVIII. 457 p., [4] h. de lám. - XIX. 452 p. - XX. XXIV, 388 p. - XXI. 451 p., [6] h. de lám. - XXII. 441 p., [2] h. de lám. - XXIII. 393 p., [4] h. de lám. - XXIV. 412 p., [2] h. de lám. - XXV. 439 p., [2] h. de lám.
650 4 _aEspaña-
_xHistoria.
_9185483
700 1 _aValera, Juan,
_d1824-1905
_9112638
700 1 _aBorrego, Andrés,
_d1802-1891
_930570
700 1 _aPirala, Antonio,
_d1824-1903
_992337
852 _aES-MaACL
_jB-890-914
_z- Enc. tela
856 _uhttp://bdh-rd.bne.es/viewer.vm?id=0000234126&page=1
_zBiblioteca Digital Hispánica
999 _c156882
_d156882